II Salón de arte cubano contemporaneo (Record no. 10302)
[ view plain ]
| 000 -LEADER | |
|---|---|
| campo de control de longitud fija | 00709cam a2200217 i 4500 |
| 001 - NÚMERO DE CONTROL | |
| campo de control | 38278 |
| 005 - FECHA Y HORA DE LA ÚLTIMA TRANSACCIÓN | |
| campo de control | 20230404130051.0 |
| 008 - DATOS DE LONGITUD FIJA--INFORMACIÓN GENERAL | |
| campo de control de longitud fija | 070515b1998 cu a 000 0 spa |
| 010 ## - NÚMERO DE CONTROL DE LA BIBLIOTECA DEL CONGRESO | |
| Número de control de LC | 00346380 |
| 040 ## - FUENTE DE CATALOGACIÓN | |
| Centro catalogador/agencia de origen | DLC |
| Centro/agencia transcriptor | DLC |
| Centro/agencia modificador | OCLCQ |
| -- | DRFGD |
| 041 ## - CÓDIGO DE IDIOMA | |
| Código de lengua del texto/banda sonora o título independiente | spa |
| 050 14 - SIGNATURA TOPOGRÁFICA DE LA BIBLIOTECA DEL CONGRESO | |
| Número de clasificación | 107 N 6603 |
| Número de ítem | S175 1998 |
| 111 2# - ENTRADA PRINCIPAL--NOMBRE DE CONGRESO/REUNIÓN | |
| Nombre de congreso/reunión o jurisdicción como elemento de entrada | Salon de Arte Cubano Contemporáneo |
| 245 03 - MENCIÓN DEL TÍTULO | |
| Título | II Salón de arte cubano contemporaneo |
| 246 14 - FORMA VARIANTE DEL TITULO | |
| Título propio/Titulo breve | Catálogo, II Salón de Arte Cubano Contemporaneo |
| 260 ## - PUBLICACIÓN, DISTRIBUCIÓN, ETC. | |
| Lugar de publicación, distribución, etc. | Habana, Cuba : |
| Nombre del editor, distribuidor, etc. | Centro de Desarrollo de las Artes Visuales , |
| Fecha de publicación, distribución, etc. | 1998. |
| 300 ## - DESCRIPCIÓN FÍSICA | |
| Extensión | 173 p. : |
| Otras características físicas | ill. |
| 650 #0 - PUNTO DE ACCESO ADICIONAL DE MATERIA--TÉRMINO DE MATERIA | |
| Término de materia o nombre geográfico como elemento de entrada | Art, Cuban |
| Subdivisión cronológica | 20th century |
| Subdivisión de forma | Exhibitions |
| 710 2# - ENTRADA AGREGADA--NOMBRE DE ENTIDAD CORPORATIVA | |
| Nombre de entidad corporativa o nombre de jurisdicción como elemento de entrada | Centro de Desarrollo de las Artes Visuales (Cuba) |
| 942 ## - ELEMENTOS DE ENTRADA SECUNDARIOS (KOHA) | |
| Fuente del sistema de clasificación o colocación | Clasificación de Library of Congress |
| Tipo de ítem Koha | |
| Estatus retirado | Estado de pérdida | Fuente del sistema de clasificación o colocación | Estado de daño | No para préstamo | Colección | Biblioteca de origen | Biblioteca actual | Ubicación en estantería | Fecha de adquisición | Serial enumeration / chronology | Total checkouts | Signatura topográfica completa | Código de barras | Visto por última vez | Copia número | Precio de reemplazo | Tipo de ítem Koha |
|---|---|---|---|---|---|---|---|---|---|---|---|---|---|---|---|---|---|
| Clasificación de Library of Congress | Recursos Regionales | Biblioteca Juan Bosch | Biblioteca Juan Bosch | Recursos Regionales (2do. Piso) | 04/04/2023 | 1 | 107 N 6603 S175 1998 | 00000037242 | 23/10/2018 | 1 | 23/10/2018 |
